[Event "Xeraco Region-ch Primera"]
[Site "Xeraco"]
[Date "2015.10.03"]
[Round "1.2"]
[White "Martinez Clari, Joan"]
[Black "Ferri Guerrero, Gabriel"]
[Result "1-0"]
[WhiteElo "1877"]
[BlackElo "1619"]
[PlyCount "63"]
[EventDate "2015.10.03"]
[EventType "swiss"]
[EventRounds "7"]
[EventCountry "ESP"]
[SourceTitle "EXT 2024"]
[Source "ChessBase"]
[SourceDate "2023.10.10"]
[SourceVersion "1"]
[SourceVersionDate "2023.10.10"]
[SourceQuality "1"]

1. d4 Nf6 2. c4 c5 3. Nf3 cxd4 4. Nxd4 e5 5. Nc2 Nc6 6. Nc3 Bc5 7. Be3 Qb6 8. Bxc5 Qxc5 9. e3 0-0 10. Be2 b6 11. a3 e4 12. Nd5 Nxd5 13. Qxd5 Qxd5 14. cxd5 Na5 15. Nd4 d6 16. Rc1 Bd7 17. b4 Nb7 18. Rc7 Bc8 19. Ba6 Nc5 20. bxc5 bxc5 21. Bxc8 cxd4 22. Bb7 Rab8 23. exd4 f5 24. h4 f4 25. 0-0 Rfe8 26. Rfc1 e3 27. fxe3 fxe3 28. Rc8 e2 29. Rxe8+ Rxe8 30. Kf2 Re4 31. g3 Kf7 32. Re1 1-0

[Event "Provincial-ch Xativa Primera"]
[Site "Xativa"]
[Date "2012.11.17"]
[Round "6"]
[White "Lopez Rojas, Luis"]
[Black "Ferri Guerrero, Gabriel"]
[Result "1-0"]
[WhiteElo "1441"]
[BlackElo "1617"]
[PlyCount "69"]
[EventDate "2012.10.06"]
[EventType "swiss"]
[EventRounds "7"]
[EventCountry "ESP"]
[SourceTitle "EXT 2024"]
[Source "ChessBase"]
[SourceDate "2023.10.10"]
[SourceVersion "1"]
[SourceVersionDate "2023.10.10"]
[SourceQuality "1"]

1. d4 Nf6 2. c4 g6 3. Nc3 Bg7 4. e4 d6 5. Nf3 0-0 6. Be2 e5 7. dxe5 dxe5 8. 0-0 Nc6 9. Be3 a6 10. Qc2 Qe7 11. a3 Rb8 12. Rad1 Be6 13. b4 h6 14. Bc5 Qe8 15. Bxf8 Qxf8 16. Nd5 Rc8 17. Nxf6+ Bxf6 18. Rd2 Bg4 19. Qc3 Nd4 20. Nxd4 exd4 21. Qd3 Be6 22. f4 Rd8 23. Qg3 Qe7 24. Qf3 Kh8 25. Rfd1 h5 26. e5 Bg7 27. Rxd4 Rxd4 28. Rxd4 c5 29. Rd6 f6 30. Qe3 cxb4 31. axb4 fxe5 32. fxe5 Bf5 33. c5 Bxe5 34. Qh6+ Kg8 35. Bc4+ 1-0